| 000 | 01470cam a22003375a 4500 | ||
|---|---|---|---|
| 001 | 13170429 | ||
| 005 | 20180506110725.0 | ||
| 008 | 030421t2003 nyu fr 001 0 eng d | ||
| 020 | _a0071462139 | ||
| 020 | _a9780071462136 | ||
| 040 |
_aDLC _cDLC _dDLC _dEG-ScBUE _beng |
||
| 082 | 0 | 4 |
_a658.409 _222 _bBEN |
| 100 | 1 |
_aBenton, D. A. _q(Debra A.) |
|
| 245 | 1 | 0 |
_aExecutive charisma / _cD. A. Benton. |
| 246 | 3 | 4 |
_aExecutive charisma : _bsix steps to mastering the art of leadership |
| 260 |
_aNew York : _bMcGraw-Hill, _cc.2003. |
||
| 300 |
_axx, 201 p. ; _c24 cm. |
||
| 500 | _aIndex : p. 191-201. | ||
| 505 | 0 | _aBe the first to initiate -- Expect and give acceptance to maintain esteem -- Ask questions and ask favors -- Stand tall, straight, and smile -- Be human, humorous, and touch -- Slow down, shut up, and listen -- Completing the puzzle. | |
| 650 | 7 |
_aExecutive ability. _2BUEsh _911399 |
|
| 650 | 7 |
_aExecutives _xConduct of life. _2BUEsh |
|
| 650 | 7 |
_aExecutives. _2BUEsh _936209 |
|
| 650 | 7 |
_aCharisma (Personality trait) _2BUEsh |
|
| 650 | 7 |
_aCommunication in management. _2BUEsh |
|
| 651 | _2BUEsh | ||
| 653 |
_bBUSADM _cApril2018 _cMay2018 |
||
| 856 | 4 | 2 |
_3Contributor biographical information _uhttp://www.loc.gov/catdir/bios/mh042/2003008123.html |
| 856 | 4 | 1 |
_3Table of contents _uhttp://www.loc.gov/catdir/toc/ecip042/2003008123.html |
| 856 | 4 | 2 |
_3Publisher description _uhttp://www.loc.gov/catdir/description/mh031/2003008123.html |
| 942 | _2ddc | ||
| 999 |
_c26562 _d26534 |
||